| 000 | 00436 a2200157 4500 | ||
|---|---|---|---|
| 999 |
_c1555 _d1555 |
||
| 020 | _a9789351111245 | ||
| 050 | _aHD 9000.5 CHO 2013 | ||
| 100 | _aChoyal, Rajaram | ||
| 245 | _aexports of Agricultural and Food Supply Chain | ||
| 264 |
_aNew Delhi: _bRandom Publications, _c 2013 |
||
| 300 | _a272p:. | ||
| 500 | _aincludes index | ||
| 650 | _aErnh̃rungssicherung | ||
| 651 | _a Lebensmittelhande | ||
| 942 |
_2lcc _cBK _h9000.5 _iCHO _kHD |
||